00257nam a2200109Ia 4500008004100000100001400041245003000055260003100085300000900116942000700125999001500132190216s9999||||xx |||||||||||||| ||und|| aBatli Boi 0aDouble Entry Book-Keeping bNm Thripathi Pvt Ltdc1975 a456p cBK c5080d5080